00604 2200229 4500001002100000005001500021035002000036008004100056245005100097100001600148260004600164300001200210020001800222084001600240082000800256650001200264990001800276990002000294990002000314990002000334990002000354INLIS00000000000093920240822124231 a0010-0724000939240822 0 ind 1 aCuaca Dan Iklim :bIPS Geografi /cSulistiyani aSulistiyani aSurakarta :bPT widya duta grafika,c2007 a70 hlm. a979-517-554-4 a551.6 SUL C a551 4aGeologi aP29/CP/24/939 aP29/CP/24/939.2 aP29/CP/24/939.3 aP29/CP/24/939.4 aP29/CP/24/939.5